000 00548nam a2200193 a 4500
001 3535
005 20140414132005.0
008 060509s19uu xx 00 eng d
020 _a0-07-602729-5
050 _aTR 372.4
_bB35 2005
245 _aSchool :
_bSRA open court reading, L.K, Unit 1.
250 _aTeacher's Edition
260 _aColumbus, Ohio :
_bSRA/McGraw-Hill,
_c2005.
300 _a335 p. ; cm.
440 _aSRA Open Court Reading, Red
500 _aIncludes index
650 _aReading
_xStudy and teaching.
999 _c113167
_d113167